[Event "FRA-ch Seniors"]
[Site "Albi"]
[Date "2022.08.21"]
[Round "9"]
[White "Goldenberg, Richard"]
[Black "Moingt, Jean Claude"]
[Result "1/2-1/2"]
[WhiteElo "2195"]
[BlackElo "2105"]
[PlyCount "71"]
[EventDate "2022.08.13"]
[EventType "swiss"]
[EventRounds "9"]
[EventCountry "FRA"]
[SourceTitle "CBM 210 Extra"]
[Source "ChessBase"]
[SourceDate "2022.11.30"]
[SourceVersion "1"]
[SourceVersionDate "2022.11.30"]
[SourceQuality "1"]

1. d4 Nf6 2. c4 c5 3. d5 b5 4. Nf3 g6 5. Qc2 bxc4 6. e4 d6 7. Bxc4 Bg7 8. 0-0 0-0 9. Re1 Nbd7 10. h3 Nb6 11. Na3 Nxc4 12. Nxc4 Ba6 13. Rb1 Bxc4 14. Qxc4 Nd7 15. Bd2 a5 16. Bc3 Qc7 17. Bxg7 Kxg7 18. Qc3+ Kg8 19. h4 Nf6 20. Rbd1 Qb7 21. Qd2 Qb4 22. e5 dxe5 23. Nxe5 Qxh4 24. Nf3 Qb4 25. Rxe7 Qxd2 26. Rxd2 Rfd8 27. d6 Ra6 28. Ne5 Raxd6 29. Rxd6 Rxd6 30. Nxf7 Rd1+ 31. Kh2 Kf8 32. Ra7 Rd7 33. Rxd7 Nxd7 34. Ng5 h6 35. Ne4 Ke7 36. Kg3 1/2-1/2

[Event "FRA-ch Seniors"]
[Site "Albi"]
[Date "2022.08.13"]
[Round "1"]
[White "Vandomel, Fabrice"]
[Black "Moingt, Jean Claude"]
[Result "0-1"]
[WhiteElo "1672"]
[BlackElo "2105"]
[PlyCount "78"]
[EventDate "2022.08.13"]
[EventType "swiss"]
[EventRounds "9"]
[EventCountry "FRA"]
[SourceTitle "CBM 210 Extra"]
[Source "ChessBase"]
[SourceDate "2022.11.30"]
[SourceVersion "1"]
[SourceVersionDate "2022.11.30"]
[SourceQuality "1"]

1. b3 d6 2. Bb2 Nd7 3. e3 Ngf6 4. d4 g6 5. Nf3 Bg7 6. Be2 0-0 7. c4 e5 8. dxe5 Ng4 9. Nc3 dxe5 10. Qc2 f5 11. h3 Nh6 12. e4 c6 13. Rd1 Qe7 14. 0-0 f4 15. Qc1 Re8 16. Ba3 Qf6 17. Rd6 Re6 18. Rfd1 Nf8 19. c5 Nf7 20. R6d2 Re8 21. Bc4 Ne6 22. Bxe6 Bxe6 23. Rd3 g5 24. Nh2 h5 25. f3 Bh6 26. Qc2 Kh8 27. Qe2 Rg8 28. Kh1 Rg7 29. Nb1 Rag8 30. Nd2 Rh7 31. Nc4 g4 32. fxg4 hxg4 33. Nxg4 Bxg4 34. hxg4 Ng5 35. Nxe5 Bg7+ 36. Kg1 Qxe5 37. Rd8 Bf6 38. R8d6 Nxe4 39. Rxf6 Rh1+ 0-1

[Event "Oberliga Baden 2122"]
[Site "Germany"]
[Date "2022.03.06"]
[Round "8.6"]
[White "Moingt, Jean Claude"]
[Black "Ptak, Ferdinand"]
[Result "1/2-1/2"]
[WhiteElo "2116"]
[BlackElo "2002"]
[PlyCount "47"]
[EventDate "2021.10.10"]
[EventType "team-tourn"]
[EventRounds "11"]
[EventCountry "GER"]
[SourceTitle "EXT 2023"]
[Source "ChessBase"]
[SourceDate "2022.10.05"]
[SourceVersion "1"]
[SourceVersionDate "2022.10.05"]
[SourceQuality "1"]
[WhiteTeam "Baden-Baden III"]
[BlackTeam "Hockenheim"]
[WhiteTeamCountry "GER"]
[BlackTeamCountry "GER"]

1. e4 c5 2. Nf3 Nc6 3. Bb5 g6 4. Bxc6 dxc6 5. d3 Bg7 6. h3 Nf6 7. Nc3 Nd7 8. Be3 e5 9. Qd2 Qe7 10. a3 Nf8 11. Na4 Ne6 12. b4 cxb4 13. axb4 a6 14. Nb6 Rb8 15. Ra5 f6 16. 0-0 0-0 17. c3 Rd8 18. Rd1 Nc7 19. Nxc8 Rbxc8 20. Bb6 Rd7 21. Bxc7 Rdxc7 22. d4 exd4 23. Qxd4 Re8 24. Qb6 1/2-1/2

[Event "EU-Cup 36th"]
[Site "Struga"]
[Date "2021.09.22"]
[Round "5.6"]
[White "Moingt, Jean Claude"]
[Black "Ibrahimli, Murad Sultanali"]
[Result "0-1"]
[WhiteElo "2125"]
[BlackElo "2436"]
[PlyCount "90"]
[EventDate "2021.09.18"]
[EventType "team-swiss"]
[EventRounds "7"]
[EventCountry "MKD"]
[SourceTitle "CBM 204 Extra"]
[Source "ChessBase"]
[SourceDate "2021.11.30"]
[SourceVersion "1"]
[SourceVersionDate "2021.11.30"]
[SourceQuality "1"]
[WhiteTeam "Asnieres"]
[BlackTeam "Vugar Gashimov"]
[WhiteTeamCountry "FRA"]
[BlackTeamCountry "AZE"]

1. e4 c5 2. Nf3 d6 3. Bb5+ Nd7 4. Ba4 Ngf6 5. 0-0 a6 6. c4 g6 7. Nc3 Bg7 8. d4 cxd4 9. Nxd4 0-0 10. Bc2 Ne5 11. b3 Bd7 12. Bb2 Qb6 13. Rb1 Nc6 14. Nxc6 Bxc6 15. Nd5 Bxd5 16. exd5 Nd7 17. Bxg7 Kxg7 18. Qd2 a5 19. Rbe1 Rae8 20. Kh1 Nf6 21. f4 e6 22. dxe6 Rxe6 23. f5 Rxe1 24. Rxe1 Qc5 25. Qe3 Qb4 26. Rf1 Re8 27. Qf3 g5 28. h3 h6 29. Rd1 Qc5 30. Qd3 Re3 31. Qd4 Re2 32. Qxc5 dxc5 33. Rc1 Nh5 34. Bd1 Re1+ 35. Kh2 Nf4 36. Rb1 Kf6 37. Kg3 Rg1 38. a3 Rxg2+ 39. Kf3 Ra2 40. h4 Rxa3 41. hxg5+ hxg5 42. Bc2 Ra2 43. Be4 b6 44. Rd1 Rb2 45. Rd6+ Ke5 0-1

[Event "EU-Cup 36th"]
[Site "Struga"]
[Date "2021.09.20"]
[Round "3.6"]
[White "Moingt, Jean Claude"]
[Black "Bartel, Mateusz"]
[Result "0-1"]
[WhiteElo "2125"]
[BlackElo "2611"]
[PlyCount "128"]
[EventDate "2021.09.18"]
[EventType "team-swiss"]
[EventRounds "7"]
[EventCountry "MKD"]
[SourceTitle "CBM 204 Extra"]
[Source "ChessBase"]
[SourceDate "2021.11.30"]
[SourceVersion "1"]
[SourceVersionDate "2021.11.30"]
[SourceQuality "1"]
[WhiteTeam "Asnieres"]
[BlackTeam "Novy Bor"]
[WhiteTeamCountry "FRA"]
[BlackTeamCountry "CZE"]

1. e4 c5 2. Nf3 e6 3. c3 Nc6 4. d4 d5 5. exd5 exd5 6. Bb5 Bd6 7. dxc5 Bxc5 8. 0-0 Nge7 9. Nbd2 0-0 10. Nb3 Bb6 11. Nfd4 Qd6 12. g3 Ne5 13. Be2 Bh3 14. Re1 N7g6 15. Bf1 Bxf1 16. Rxf1 f5 17. f4 Nc4 18. a4 a6 19. Ra2 Rae8 20. Na1 Bxd4+ 21. Qxd4 Re2 22. Rf2 Rfe8 23. Nc2 R2e4 24. Qd3 Na5 25. Be3 Qe6 26. Ra1 Nc4 27. Bc1 Nf8 28. Nd4 Re1+ 29. Rf1 Rxf1+ 30. Qxf1 Qb6 31. b3 Ne6 32. Qe2 Nd6 33. a5 Qc5 34. Qd3 Nxd4 35. cxd4 Qb5 36. Qxb5 Nxb5 37. Ba3 Nxd4 38. Rd1 Nc2 39. Bc5 Re1+ 40. Rxe1 Nxe1 41. Kf1 Nf3 42. Kg2 Nd2 43. b4 Kf7 44. Bd4 g6 45. Kf2 Ke6 46. Ke2 Ne4 47. Kd3 Kd6 48. Bb6 Kc6 49. Kd4 Nd2 50. Kc3 Nc4 51. Bd4 b6 52. axb6 Nxb6 53. Bf6 Na8 54. Bg7 Nc7 55. Bf6 Nb5+ 56. Kd3 Nd6 57. Kd4 Ne4 58. Be7 Nd2 59. h3 h5 60. Bf6 Ne4 61. Bh4 Kd6 62. Ke3 Nc3 63. Bd8 Na2 64. Ba5 Kc6 0-1

[Event "EU-Cup 36th"]
[Site "Struga"]
[Date "2021.09.19"]
[Round "2.10"]
[White "Moingt, Jean Claude"]
[Black "Nord, Alexander"]
[Result "1/2-1/2"]
[WhiteElo "2125"]
[BlackElo "2144"]
[PlyCount "166"]
[EventDate "2021.09.18"]
[EventType "team-swiss"]
[EventRounds "7"]
[EventCountry "MKD"]
[SourceTitle "CBM 204 Extra"]
[Source "ChessBase"]
[SourceDate "2021.11.30"]
[SourceVersion "1"]
[SourceVersionDate "2021.11.30"]
[SourceQuality "1"]
[WhiteTeam "Asnieres"]
[BlackTeam "Lunds"]
[WhiteTeamCountry "FRA"]
[BlackTeamCountry "SWE"]

1. e4 c5 2. Nf3 d6 3. Bb5+ Nd7 4. Ba4 Ngf6 5. 0-0 g6 6. Re1 Bg7 7. c3 0-0 8. d4 e5 9. dxe5 dxe5 10. Nbd2 Qe7 11. Nc4 Rd8 12. Nd6 Nb6 13. Nxc8 Raxc8 14. Qc2 h6 15. Bb5 c4 16. Be3 Nfd7 17. Bxd7 Rxd7 18. Red1 Rcd8 19. Ne1 Kh7 20. Qe2 Na4 21. Rxd7 Qxd7 22. Qxc4 Nxb2 23. Qb3 Nd1 24. Nc2 Qd3 25. Bxa7 Qe2 26. h4 Rd2 27. Qxf7 Rxc2 28. Rb1 Nb2 29. Bc5 Qc4 30. Qxc4 Nxc4 31. Rxb7 Kg8 32. Rb8+ Kf7 33. Rb7+ Kf6 34. Be7+ Ke6 35. Bb4 Bf6 36. Rh7 Bxh4 37. Rxh6 Bxf2+ 38. Kh2 Kf6 39. a4 Ra2 40. Rh3 Be1 41. Rf3+ Ke6 42. Kh3 Rxa4 43. Kg4 Bd2 44. Rf8 Ne3+ 45. Kg5 Nc2+ 46. Kxg6 Nxb4 47. cxb4 Bxb4 48. Rf6+ Kd7 49. Kf5 Bd6 50. Rg6 Ra2 51. Rg7+ Kc6 52. Ke6 Re2 53. Rg4 Bc7 54. g3 Re3 55. Kf5 Rf3+ 56. Ke6 Re3 57. Kf5 Bd6 58. Rg8 Re1 59. Rg6 Kc5 60. Rg8 Kc6 61. Rg6 Rd1 62. Rg8 Rd3 63. Rg6 Kc5 64. Rg8 Bc7 65. Rc8 Kc6 66. Rg8 Kc5 67. Rc8 Rd7 68. g4 Kd6 69. Rf8 Rg7 70. g5 Ke7 71. Ra8 Kf7 72. Ra7 Ke8 73. g6 Rd7 74. Ke6 Rd6+ 75. Kxe5 Rxg6+ 76. Rxc7 Ra6 77. Kf5 Rb6 78. e5 Ra6 79. Rh7 Rb6 80. e6 Rb1 81. Rh8+ Ke7 82. Rh7+ Ke8 83. Rh8+ Ke7 1/2-1/2

[Event "World Corporate East E"]
[Site "Chess.com INT"]
[Date "2021.02.20"]
[Round "5.7"]
[White "Mauvary, Etienne"]
[Black "Moingt, Jean Claude"]
[Result "0-1"]
[WhiteElo "2043"]
[BlackElo "2094"]
[PlyCount "46"]
[EventDate "2021.02.19"]
[EventType "team (rapid)"]
[EventRounds "7"]
[EventCountry "USA"]
[SourceTitle "EXT 2022"]
[Source "ChessBase"]
[SourceDate "2021.10.06"]
[SourceVersion "1"]
[SourceVersionDate "2021.10.06"]
[SourceQuality "1"]
[WhiteTeam "SG Stern"]
[BlackTeam "Kaissa Consulting"]
[WhiteTeamCountry "GER"]
[BlackTeamCountry "FRA"]

1. e4 c5 2. Nf3 Nc6 3. d4 cxd4 4. Nxd4 g6 5. Be3 Bg7 6. c4 d6 7. Nc3 Nf6 8. Be2 0-0 9. f3 Nxd4 10. Bxd4 Be6 11. Qd2 Nd7 12. Bxg7 Kxg7 13. h4 h5 14. g4 hxg4 15. fxg4 Ne5 16. h5 Rh8 17. h6+ Kh7 18. g5 Bxc4 19. Bxc4 Nf3+ 20. Ke2 Nxd2 21. Kxd2 Qa5 22. Rag1 Rhf8 23. Rh3 Qc5 0-1

[Event "World Corporate East E"]
[Site "Chess.com INT"]
[Date "2021.02.20"]
[Round "4.4"]
[White "Moingt, Jean Claude"]
[Black "Dzhugunusov, Farid"]
[Result "0-1"]
[WhiteElo "2094"]
[BlackElo "1729"]
[PlyCount "102"]
[EventDate "2021.02.19"]
[EventType "team (rapid)"]
[EventRounds "7"]
[EventCountry "USA"]
[SourceTitle "EXT 2022"]
[Source "ChessBase"]
[SourceDate "2021.10.06"]
[SourceVersion "1"]
[SourceVersionDate "2021.10.06"]
[SourceQuality "1"]
[WhiteTeam "Kaissa Consulting"]
[BlackTeam "Kaspersky"]
[WhiteTeamCountry "FRA"]
[BlackTeamCountry "RUS"]

1. e4 c5 2. Nf3 d6 3. c3 Nf6 4. Be2 e6 5. 0-0 Be7 6. Re1 0-0 7. Bf1 a6 8. d4 cxd4 9. cxd4 b5 10. a3 Bb7 11. Nc3 Nbd7 12. Bd3 Nb6 13. Qe2 Qd7 14. h3 Rfc8 15. Bf4 Nc4 16. Rac1 Qd8 17. a4 Qd7 18. axb5 axb5 19. Bb1 d5 20. e5 Ne8 21. Qd3 g6 22. Re2 Ng7 23. Ng5 Ba6 24. Qf3 b4 25. Nd1 Qb5 26. Bd3 Qb6 27. Kh1 Qxd4 28. Nxf7 Rf8 29. Nh6+ Kh8 30. g3 g5 31. b3 Na3 32. Bxa6 Rxa6 33. Be3 Rxf3 34. Bxd4 Nf5 35. Nxf5 Rxf5 36. Ne3 Rf8 37. Rc7 Rf7 38. Ng4 Kg7 39. Nf6 Nb5 40. Ne8+ Kg6 41. Be3 Nxc7 42. Nxc7 Ra3 43. Nxe6 Rxb3 44. Nd4 Rd3 45. Rc2 b3 46. Rc6+ Kg7 47. e6 Rf8 48. Rc7 Kf6 49. Nf3 h6 50. Bd4+ Kxe6 51. Rb7 Rfxf3 0-1

[Event "World Corporate East E"]
[Site "Chess.com INT"]
[Date "2021.02.20"]
[Round "6.5"]
[White "Moingt, Jean Claude"]
[Black "Stysiak, Szymon"]
[Result "0-1"]
[WhiteElo "2094"]
[BlackElo "2193"]
[PlyCount "88"]
[EventDate "2021.02.19"]
[EventType "team (rapid)"]
[EventRounds "7"]
[EventCountry "USA"]
[SourceTitle "EXT 2022"]
[Source "ChessBase"]
[SourceDate "2021.10.06"]
[SourceVersion "1"]
[SourceVersionDate "2021.10.06"]
[SourceQuality "1"]
[WhiteTeam "Kaissa Consulting"]
[BlackTeam "Credit Suisse"]
[WhiteTeamCountry "FRA"]
[BlackTeamCountry "SUI"]

1. e4 e6 2. d3 d5 3. Nd2 Nf6 4. Ngf3 Be7 5. g3 c5 6. Bg2 Nc6 7. 0-0 b6 8. Re1 Bb7 9. Qe2 Qc7 10. c3 0-0 11. e5 Nd7 12. Nf1 h6 13. h4 a5 14. Bf4 Rfc8 15. N1h2 b5 16. Ng4 Bf8 17. Qd2 Qd8 18. Rad1 b4 19. c4 Nd4 20. Nxd4 cxd4 21. cxd5 Bxd5 22. Bxd5 exd5 23. e6 fxe6 24. Rxe6 b3 25. axb3 Nc5 26. Ree1 Nxb3 27. Qe2 Ra6 28. Ne5 Qe8 29. Qg4 Qe6 30. Qf3 Rc2 31. Ng4 Qf7 32. Re2 Rxe2 33. Qxe2 Qf5 34. Ne5 Re6 35. Qc2 a4 36. Nd7 Be7 37. Qc8+ Kh7 38. Qb7 Re2 39. Ne5 Rxe5 40. Bxe5 Qxe5 41. Kf1 Nc5 42. Qa7 Bd6 43. Re1 Qf5 44. Re8 Bxg3 0-1

[Event "EU-Cup 35th"]
[Site "Ulcinj"]
[Date "2019.11.15"]
[Round "6.16"]
[White "Moingt, Jean Claude"]
[Black "Vanek, Petr"]
[Result "1/2-1/2"]
[WhiteElo "2127"]
[BlackElo "2049"]
[PlyCount "66"]
[EventDate "2019.11.10"]
[EventType "team-swiss"]
[EventRounds "7"]
[EventCountry "MNE"]
[SourceTitle "CBM 193 Extra"]
[Source "ChessBase"]
[SourceDate "2020.01.31"]
[SourceVersion "1"]
[SourceVersionDate "2020.01.31"]
[SourceQuality "1"]
[WhiteTeam "Asnieres"]
[BlackTeam "Unichess"]
[WhiteTeamCountry "FRA"]
[BlackTeamCountry "CZE"]

1. e4 e6 2. d4 d5 3. exd5 exd5 4. Nf3 Nc6 5. Bd3 Bd6 6. Nc3 Nge7 7. Nb5 Nb4 8. Nxd6+ Qxd6 9. Bb5+ Bd7 10. Bxd7+ Qxd7 11. c3 Nbc6 12. 0-0 0-0 13. Qd3 Ng6 14. Re1 Rfe8 15. Bd2 a6 16. Kf1 h6 17. b3 Rxe1+ 18. Rxe1 Re8 19. Rxe8+ Qxe8 20. Ne1 Qe6 21. Qe2 Qxe2+ 22. Kxe2 Kf8 23. Nd3 b6 24. Bf4 Nxf4+ 25. Nxf4 Ne7 26. h4 g6 27. g4 Ke8 28. h5 g5 29. Nd3 Kd7 30. f4 f6 31. fxg5 fxg5 32. Ne5+ Ke6 33. Kd3 c5 1/2-1/2

[Event "EU-Cup 35th"]
[Site "Ulcinj"]
[Date "2019.11.13"]
[Round "4.16"]
[White "Carroll, Peter"]
[Black "Moingt, Jean Claude"]
[Result "1-0"]
[WhiteElo "2038"]
[BlackElo "2127"]
[PlyCount "87"]
[EventDate "2019.11.10"]
[EventType "team-swiss"]
[EventRounds "7"]
[EventCountry "MNE"]
[SourceTitle "CBM 193 Extra"]
[Source "ChessBase"]
[SourceDate "2020.01.31"]
[SourceVersion "1"]
[SourceVersionDate "2020.01.31"]
[SourceQuality "1"]
[WhiteTeam "Gonzaga"]
[BlackTeam "Asnieres"]
[WhiteTeamCountry "IRL"]
[BlackTeamCountry "FRA"]

1. d4 Nf6 2. Nc3 d5 3. Bf4 e6 4. e3 Be7 5. Bd3 a6 6. g4 c5 7. g5 Nfd7 8. h4 Nc6 9. Nf3 b5 10. h5 Qb6 11. Bf1 Bb7 12. Bh3 Nf8 13. Qd2 cxd4 14. exd4 Rc8 15. Nd1 a5 16. Ne3 b4 17. 0-0 Qd8 18. Ng4 Nd7 19. Rfe1 Nb6 20. b3 Bd6 21. h6 gxh6 22. Nf6+ Kf8 23. Bxd6+ Qxd6 24. gxh6 Nd7 25. Qg5 Nxf6 26. Qxf6 Rg8+ 27. Kh1 Nd8 28. Rg1 Rxg1+ 29. Rxg1 Ke8 30. Rg8+ Kd7 31. Ne5+ Kc7 32. Nxf7 Nxf7 33. Qxf7+ Kb8 34. Qxe6 Qc7 35. Qxc8+ Bxc8 36. Rxc8+ Qxc8 37. Bxc8 Kxc8 38. Kg2 Kd7 39. Kg3 Ke6 40. Kg4 Kf6 41. Kf4 Kg6 42. Ke5 Kxh6 43. Kxd5 Kg6 44. Ke4 1-0

[Event "Paris European Corporate 1st"]
[Site "Paris"]
[Date "2017.11.25"]
[Round "8.3"]
[White "Loiseau, Quentin"]
[Black "Moingt, Jean Claude"]
[Result "1-0"]
[WhiteElo "2431"]
[BlackElo "2129"]
[PlyCount "47"]
[EventDate "2017.11.24"]
[EventType "team-swiss"]
[EventRounds "9"]
[EventCountry "FRA"]
[SourceTitle "CBM 181 Extra"]
[Source "ChessBase"]
[SourceDate "2017.12.12"]
[SourceVersion "1"]
[SourceVersionDate "2017.12.12"]
[SourceQuality "1"]
[WhiteTeam "A l'Abri"]
[BlackTeam "Leonard"]
[WhiteTeamCountry "FRA"]
[BlackTeamCountry "FRA"]

1. d4 Nf6 2. c4 c5 3. d5 b5 4. Nf3 bxc4 5. Nc3 g6 6. e4 d6 7. Bxc4 Bg7 8. 0-0 0-0 9. e5 dxe5 10. Nxe5 Ba6 11. Re1 Bxc4 12. Nxc4 Nbd7 13. Qf3 Rb8 14. Bf4 Rb4 15. b3 Re8 16. Rad1 Nh5 17. Bd2 Qa8 18. Ne4 Rbb8 19. Ng5 Nhf6 20. Bf4 Rbd8 21. Qh3 Nb6 22. Nxf7 Rxd5 23. Qe6 Kf8 24. Nfe5 1-0

[Event "Paris European Corporate 1st"]
[Site "Paris"]
[Date "2017.11.24"]
[Round "2.1"]
[White "Moingt, Jean Claude"]
[Black "Shcherbin, Matvei"]
[Result "1-0"]
[WhiteElo "2129"]
[BlackElo "2366"]
[PlyCount "88"]
[EventDate "2017.11.24"]
[EventType "team-swiss"]
[EventRounds "9"]
[EventCountry "FRA"]
[SourceTitle "CBM 181 Extra"]
[Source "ChessBase"]
[SourceDate "2017.12.12"]
[SourceVersion "1"]
[SourceVersionDate "2017.12.12"]
[SourceQuality "1"]
[WhiteTeam "Leonard"]
[BlackTeam "RZD"]
[WhiteTeamCountry "FRA"]
[BlackTeamCountry "RUS"]

1. Nf3 c5 2. e4 e6 3. d3 Nc6 4. g3 Nf6 5. Bg2 d5 6. Qe2 Be7 7. 0-0 0-0 8. e5 Nd7 9. h4 b5 10. Bf4 Bb7 11. Nbd2 Rc8 12. Rfe1 Qb6 13. Nf1 d4 14. N1h2 Nb4 15. Ng4 Nd5 16. Bg5 Kh8 17. h5 Bxg5 18. Nxg5 h6 19. Ne4 f5 20. exf6 N5xf6 21. Nexf6 Nxf6 22. Ne5 Rfe8 23. Bh3 Kh7 24. f4 Ba8 25. Kh2 Rc7 26. Rg1 c4 27. Raf1 cxd3 28. cxd3 Nd5 29. Qe4+ Kg8 30. Qg6 Ree7 31. Rf2 Ne3 32. g4 Bc6 33. Nxc6 Qxc6 34. g5 hxg5 35. fxg5 Qd6+ 36. Rg3 Rc8 37. h6 Qe5 38. Rf6 Nf5 39. Bxf5 exf5 40. Rxf5 Qb8 41. Kh3 Rc1 42. Kg4 Qc8 43. Rgf3 Rg1+ 44. Kh3 Re3 1-0

[Event "Paris Oscaro blitz"]
[Site "Paris"]
[Date "2017.09.16"]
[Round "2"]
[White "Zubov, Alexander"]
[Black "Moingt, Jean Claude"]
[Result "1-0"]
[WhiteElo "2623"]
[BlackElo "2148"]
[PlyCount "79"]
[EventDate "2017.09.16"]
[EventType "swiss (blitz)"]
[EventRounds "9"]
[EventCountry "FRA"]
[SourceTitle "CBM 180 Extra"]
[Source "ChessBase"]
[SourceDate "2017.10.06"]
[SourceVersion "1"]
[SourceVersionDate "2017.10.06"]
[SourceQuality "1"]

1. d4 Nf6 2. c4 c5 3. d5 b5 4. cxb5 a6 5. bxa6 g6 6. Nc3 Bg7 7. e4 0-0 8. Be2 Qa5 9. Bd2 Bxa6 10. Nf3 Bxe2 11. Qxe2 d6 12. 0-0 Qa6 13. Qxa6 Nxa6 14. b3 Nd7 15. Rab1 Nc7 16. a4 Rfb8 17. Rfe1 e6 18. dxe6 fxe6 19. Rec1 d5 20. exd5 exd5 21. Bf4 Bxc3 22. Bxc7 Rc8 23. Rxc3 Rxc7 24. Nd4 c4 25. Kf1 Rb7 26. Ra1 Nc5 27. bxc4 Rxa4 28. Rxa4 Nxa4 29. Ra3 Rb4 30. Nc6 Rxc4 31. Ne7+ Kf7 32. Nxd5 h6 33. g3 g5 34. Ne3 Re4 35. Rb3 Nc5 36. Rb6 Ne6 37. Nf5 Re5 38. Nxh6+ Kg6 39. Ng4 Re4 40. f3 1-0

[Event "Pyramides FFE GP Handicap"]
[Site "Le Port Marly"]
[Date "2016.11.13"]
[Round "7"]
[White "Moingt, Jean Claude"]
[Black "Kirszenberg, Marc"]
[Result "1-0"]
[WhiteElo "2170"]
[BlackElo "2132"]
[PlyCount "77"]
[EventDate "2016.11.13"]
[EventType "swiss (blitz)"]
[EventRounds "7"]
[EventCountry "FRA"]
[SourceTitle "CBM 175 Extra"]
[Source "ChessBase"]
[SourceDate "2016.12.12"]
[SourceVersion "1"]
[SourceVersionDate "2016.12.12"]
[SourceQuality "1"]

1. e4 c6 2. d3 d5 3. Qe2 g6 4. Nf3 Bg7 5. g3 e6 6. Bg2 Ne7 7. 0-0 0-0 8. c3 h6 9. Re1 b6 10. Nbd2 Nd7 11. Bf1 Ba6 12. Qe3 Nc5 13. h4 dxe4 14. dxe4 Bxf1 15. Rxf1 Qd3 16. Qxd3 Nxd3 17. Nc4 b5 18. Ne3 Rfd8 19. Ne1 c5 20. Nxd3 Rxd3 21. Nc2 Nc6 22. Be3 c4 23. a4 b4 24. Nxb4 Nxb4 25. cxb4 Bxb2 26. Rab1 c3 27. Kg2 Rc8 28. Bc1 Bxc1 29. Rfxc1 Rc4 30. a5 Rxe4 31. b5 Re2 32. b6 axb6 33. axb6 Rb2 34. b7 Rd8 35. Rxb2 cxb2 36. Rc8 b1Q 37. Rxd8+ Kg7 38. b8Q Qe4+ 39. Kh2 1-0

[Event "Pyramides FFE GP Handicap"]
[Site "Le Port Marly"]
[Date "2016.11.13"]
[Round "6"]
[White "Moingt, Jean Claude"]
[Black "Vaisser, Anatoli"]
[Result "0-1"]
[WhiteElo "2170"]
[BlackElo "2505"]
[PlyCount "45"]
[EventDate "2016.11.13"]
[EventType "swiss (blitz)"]
[EventRounds "7"]
[EventCountry "FRA"]
[SourceTitle "CBM 175 Extra"]
[Source "ChessBase"]
[SourceDate "2016.12.12"]
[SourceVersion "1"]
[SourceVersionDate "2016.12.12"]
[SourceQuality "1"]

1. e4 c5 2. Nf3 Nc6 3. Bb5 e6 4. 0-0 Nge7 5. Re1 Ng6 6. c3 Qb6 7. a4 a6 8. Bf1 Be7 9. Na3 0-0 10. Nc4 Qc7 11. a5 Rb8 12. d4 cxd4 13. cxd4 d5 14. Nb6 dxe4 15. Rxe4 Rd8 16. Ng5 Nxa5 17. Nxc8 Rbxc8 18. Qh5 Bxg5 19. Bxg5 Rd5 20. b4 Nb3 21. Ra3 Nxd4 22. Qd1 Nb5 23. Rg3 0-1

[Event "Espalion op 1st"]
[Site "Espalion"]
[Date "2016.07.13"]
[Round "6"]
[White "Degraeve, Jean Marc"]
[Black "Moingt, Jean Claude"]
[Result "1-0"]
[WhiteElo "2579"]
[BlackElo "2177"]
[PlyCount "69"]
[EventDate "2016.07.09"]
[EventType "swiss"]
[EventRounds "9"]
[EventCountry "FRA"]
[SourceTitle "CBM 173 Extra"]
[Source "ChessBase"]
[SourceDate "2016.08.29"]
[SourceVersion "1"]
[SourceVersionDate "2016.08.29"]
[SourceQuality "1"]

1. e4 c5 2. Nf3 Nc6 3. Bb5 g6 4. Bxc6 bxc6 5. 0-0 Bg7 6. Re1 Nh6 7. c3 0-0 8. d4 cxd4 9. cxd4 f6 10. Qc2 Nf7 11. b3 Qb6 12. Bb2 d6 13. Nbd2 Rb8 14. Rac1 Bd7 15. e5 fxe5 16. dxe5 Nxe5 17. Bxe5 dxe5 18. Nc4 Qa6 19. Ncxe5 Be8 20. Nd3 Qa3 21. Nc5 Rf5 22. Rxe7 Bb2 23. Qc4+ Kf8 24. Rxh7 Bxc1 25. Rh8+ Kg7 26. Qg8+ Kf6 27. Qf8+ Bf7 28. Ne4+ Ke6 29. Qxb8 Bb2 30. Nfg5+ Rxg5 31. Nxg5+ Kf5 32. Nxf7 Bxh8 33. g4+ Kxg4 34. Qxh8 Qxa2 35. Qd4+ 1-0

[Event "Espalion op 1st"]
[Site "Espalion"]
[Date "2016.07.12"]
[Round "5"]
[White "Moingt, Jean Claude"]
[Black "Brison, Lucas"]
[Result "1-0"]
[WhiteElo "2177"]
[BlackElo "1856"]
[PlyCount "53"]
[EventDate "2016.07.09"]
[EventType "swiss"]
[EventRounds "9"]
[EventCountry "FRA"]
[SourceTitle "CBM 173 Extra"]
[Source "ChessBase"]
[SourceDate "2016.08.29"]
[SourceVersion "1"]
[SourceVersionDate "2016.08.29"]
[SourceQuality "1"]

1. e4 c5 2. Nf3 Nc6 3. Bb5 Nf6 4. Nc3 Qc7 5. 0-0 Nd4 6. Re1 e6 7. Bf1 a6 8. e5 Ng4 9. Nxd4 Nxf2 10. Ndb5 Nh3+ 11. gxh3 axb5 12. Nxb5 Qd8 13. Qf3 c4 14. d4 Qb6 15. Bxc4 Ra5 16. Qd3 d5 17. exd6 Bxd6 18. Bd2 Rxb5 19. Bxb5+ Ke7 20. c4 Rd8 21. c5 Bxc5 22. dxc5 Rxd3 23. cxb6 Rxd2 24. Re2 Rd6 25. Rc1 Rxb6 26. a4 Bd7 27. Rc7 1-0

[Event "Paris BNP-Paribas blitz"]
[Site "Paris"]
[Date "2015.06.14"]
[Round "15"]
[White "Moingt, Jean Claude"]
[Black "Bernard, Serge"]
[Result "0-1"]
[WhiteElo "2236"]
[BlackElo "2028"]
[PlyCount "54"]
[EventDate "2015.06.12"]
[EventType "swiss (blitz)"]
[EventRounds "15"]
[EventCountry "FRA"]
[SourceTitle "CBM 167 Extra"]
[Source "ChessBase"]
[SourceDate "2015.09.14"]
[SourceVersion "1"]
[SourceVersionDate "2015.09.14"]
[SourceQuality "1"]

1. Nf3 d6 2. g3 e5 3. d3 f5 4. c4 Nf6 5. Bg2 Be7 6. Nc3 0-0 7. Rb1 Qe8 8. b4 Qh5 9. b5 c6 10. Bg5 e4 11. Bxf6 Bxf6 12. Nxe4 fxe4 13. dxe4 Bc3+ 14. Kf1 Be5 15. Qb3 Kh8 16. Nxe5 dxe5 17. Qa3 Qf7 18. Bf3 Be6 19. Qc5 Nd7 20. Qd6 Bxc4 21. Kg2 Bxe2 22. Bxe2 Qxf2+ 23. Kh3 Qxe2 24. Qxd7 Rf6 25. g4 Qf3+ 26. Kh4 Rh6+ 27. Kg5 Qf4# 0-1

[Event "Le Port Marly Paribas blitz op"]
[Site "Le Port Marly"]
[Date "2012.06.16"]
[Round "5.3"]
[White "Bauer, Christian"]
[Black "Moingt, Jean Claude"]
[Result "1-0"]
[WhiteElo "2740"]
[BlackElo "2150"]
[PlyCount "53"]
[EventDate "2012.06.18"]
[EventType "swiss (blitz)"]
[EventRounds "13"]
[EventCountry "FRA"]
[SourceTitle "EXT 2014"]
[Source "ChessBase"]
[SourceDate "2013.11.20"]
[SourceVersion "1"]
[SourceVersionDate "2013.11.20"]
[SourceQuality "1"]

1. d4 Nf6 2. Nf3 g6 3. Bf4 Bg7 4. e3 0-0 5. Be2 d6 6. 0-0 Nfd7 7. h3 e5 8. Bh2 Nc6 9. c3 Qe7 10. b4 a6 11. a3 Re8 12. Ra2 Nf8 13. c4 e4 14. Nfd2 h5 15. Nc3 Bf5 16. c5 dxc5 17. bxc5 Rad8 18. Nc4 Qg5 19. Bf4 Qh4 20. Bxc7 Rd7 21. Bg3 Qg5 22. h4 Qd8 23. Nd6 Be6 24. Nxe8 Qxe8 25. Rd2 Bf5 26. Na4 Ne6 27. d5 1-0